[Event "FRA-ch Youth U16 2019"]
[Site "Hyeres"]
[Date "2019.04.17"]
[Round "5.1"]
[White "Boulos, Carlos"]
[Black "Harutyunyan, Ruben"]
[Result "1/2-1/2"]
[WhiteElo "2193"]
[BlackElo "2310"]
[Annotator "TA"]
[PlyCount "74"]
[EventDate "2019.04.14"]
[EventType "swiss"]
[EventCountry "FRA"]
[SourceTitle "playchess.com"]
[Source "ChessBase"]
[SourceQuality "1"]

{[%evp 13,74,23,16,0,0,0,0,0,0,-1,8,-31,3,-23,-33,-39,-9,-49,-39,-56,-56,-60,-30,-22,-26,-34,0,0,0,0,0,0,0,0,0,0,0,0,0,0,0,0,0,0,0,0,12,31,43,8,6,9,5,6,215,225,225,225,208,144,152,151,183]} 1. e4 c5 2. Nf3 d6 3. d4 cxd4 4. Nxd4 Nf6 5. Nc3 e6 6. Be3 a6 7. f3 b5 {[%cal Bb7b5,Bb5b4][%mdl 32]} 8. a4 {B80: Sicilian Scheveningen: 6 g3 and 6 Be3, including English Attack} (8. a3 h5 9. Be2 Nbd7 10. O-O Bb7 11. Qe1 Be7 12. a4 b4 13. Na2 a5 14. c3 bxc3 15. Nxc3 O-O {½-½ (31) Saric,I (2692)-Wojtaszek,R (2749) Germany 2019}) 8... b4 $1 {[%cal Rb4c3]} 9. Na2 e5 10. Nb3 $1 {The position is equal.} ({Much worse is} 10. Nxb4 exd4 11. Qxd4 Nbd7 $17) 10... d5 11. Bg5 Be6 12. Be2 $146 ({Predecessor:} 12. Bd3 d4 13. Nac1 h6 14. Bh4 Bd6 15. Qe2 Qc7 16. Bxf6 gxf6 {0-1 (40) Stepovaia,T (2386)-Korbut,E (2459) Moscow 2008}) 12... Nc6 13. Bxf6 gxf6 14. O-O f5 15. Qe1 dxe4 16. fxe4 f4 17. Rd1 Qg5 18. Nac1 Rg8 {[%csl Gg8][%cal Rg5g2]} 19. Rf2 Be7 20. Qf1 $1 Rg6 21. Bxa6 {And now Bb7 would win.} Bh3 {Hoping for ...Rxa6!} 22. Bb7 f3 {[%cal Rh3g2][%mdl 64] [#] Decoy} 23. Rxf3 Bxg2 {[%mdl 64] Double Attack} 24. Bxc6+ Kf8 $1 25. Rg3 $1 ({Avoid the trap} 25. Rxf7+ $2 Kg8 $19) 25... Bxf1 26. Rxg5 (26. Bxa8 $2 {perishes.} Qe3+ 27. Kxf1 Rxg3 $19) 26... Rxc6 27. Rxe5 Bh3 28. Nd4 Rg6+ 29. Kf2 Bh4+ 30. Ke3 Rxa4 31. Nf3 Bf6 32. Rb5 $36 {[%mdl 2048] Black must now prevent Nd3. White has some pressure.} Bxb2 {...Ra1 is the strong threat.} 33. Nd3 Bc3 $2 (33... Ra3 $11) 34. Nf4 $1 $18 {[%csl LRg6,LRh3][%mdl 64] [#] Double Attack. White is clearly better.} Bg4 35. Nxg6+ hxg6 36. Rg1 Bxf3 37. Kxf3 Ra2 {Accuracy: White = 56%, Black = 49%.} 1/2-1/2

[Event "FRA-ch Youth U16 2019"]
[Site "Hyeres"]
[Date "2019.04.17"]
[Round "5.2"]
[White "Christien, Vincent"]
[Black "Zachary, Matheo"]
[Result "0-1"]
[WhiteElo "2183"]
[BlackElo "2281"]
[Annotator "TA"]
[PlyCount "124"]
[EventDate "2019.04.14"]
[EventType "swiss"]
[EventCountry "FRA"]
[SourceTitle "playchess.com"]
[Source "ChessBase"]
[SourceQuality "1"]

{[%evp 11,124,8,10,6,29,16,34,29,34,18,27,25,50,0,0,0,4,2,8,0,0,-7,-6,0,0,-9,0,0,0,0,0,0,0,-35,42,31,53,-223,-230,-210,-200,-213,-209,-220,-221,-207,-128,-125,-114,-118,-113,-119,-45,-45,-45,-45,-45,-47,-24,-30,0,0,0,0,0,-9,-15,-15,-15,-15,-8,-31,0,-8,0,0,-23,-18,-24,-101,-106,-84,-93,-127,-145,-175,-174,-170,-160,-168,-181,-323,-295,-469,-469,-469,-377,-469,-484,-469,-342,-437,-342,-1063,-1046,-1393,-1301,-1586,-1461,-6120,-4841,-29975,-29976,-29985,-29986]} 1. e4 c5 2. Nf3 Nc6 3. Nc3 Nf6 4. d4 cxd4 5. Nxd4 d6 6. Be2 e5 7. Nf3 {B58: Classical Sicilian: 6 Be2} (7. Nb3 Be7 8. O-O O-O 9. Be3 Be6 10. Qd2 a5 11. a3 a4 12. Nc1 Ra5 13. Nd3 d5 14. exd5 Nxd5 15. Nxd5 Rxd5 16. Bf3 Rb5 17. Bxc6 bxc6 18. Qc3 Qa5 {½-½ (31) Movsesian,S (2633)-Romanov,E (2628) Teplice 2018}) 7... Be6 8. Ng5 Nd4 $146 ({Predecessor:} 8... Be7 9. Nxe6 fxe6 10. O-O O-O 11. Bc4 Qd7 12. Bb3 Nd4 13. f4 Nxb3 14. axb3 Qc6 {½-½ (35) Myronenko,N (1919)-Zavala Galindo,A (1713) Batumi 2018}) 9. Nxe6 {White is slightly better.} fxe6 10. Be3 Nxe2 11. Qxe2 Be7 12. Rd1 O-O 13. O-O a6 14. Rd2 Rc8 15. Rfd1 Qc7 16. Bg5 Qb6 17. Na4 Qa5 18. Nc3 Qb4 19. Rd3 Kh8 20. Bc1 Rc4 $36 {[%cal Rf6e4][%mdl 2048] Black has some pressure.} 21. a3 Qc5 22. Rh3 {[#]} d5 ({Black should play} 22... Nxe4 $1 $15 {[%mdl 512]} 23. Nxe4 Rxe4) 23. exd5 $1 $14 exd5 {White must now prevent ...d4.} 24. Kh1 $2 {[%mdl 8192]} (24. Bg5 $14 {keeps the upper hand.}) 24... d4 $19 25. Ne4 Rxc2 {[%mdl 64] Double Attack} 26. Nxf6 Rxf6 (26... Rxe2 27. Rxh7#) ({Not} 26... Bxf6 27. Qh5 $1 $11 {[%mdl 512]}) 27. Qe4 {[%csl Gh3][%cal Re4h7]} h6 28. Bg5 Rc6 ({And not} 28... Rxb2 29. Bxf6 Bxf6 30. f4 $11) ({Inferior is} 28... Rfxf2 29. Bxh6 Qc6 30. Be3+ Kg8 31. Qh7+ Kf7 32. Bxf2 $14) 29. b4 Qd6 30. Bxe7 Qxe7 31. f4 Rc1 (31... Qf6 $17 32. Rf3 Rc1) 32. Rhd3 $15 Rxd1+ 33. Rxd1 {[%mdl 4096] Endgame KQR-KQR} Re6 34. fxe5 Rxe5 35. Qxd4 Re1+ 36. Rxe1 Qxe1+ $11 {KQ-KQ} 37. Qg1 Qc3 38. h3 Qxa3 39. Qc5 $1 Qa1+ 40. Kh2 b5 41. Qd6 Kg8 42. Qe6+ Kf8 43. Qd6+ Kf7 44. Qd7+ Kf6 45. Qd6+ {[#]} (45. Qc6+ $1 $11 Ke5 46. Qb7) 45... Kf5 $1 $17 46. Qd3+ Ke6 47. Qg6+ Qf6 48. Qe8+ Kd5 {Threatens to win with ...Qe5+.} 49. Qc8 Qf4+ 50. Kg1 Qxb4 {...Qc5+ is the strong threat.} 51. Qxa6 (51. Qg8+ $142 Kc5 52. Qc8+ Kd4 53. Qxa6) 51... Qd4+ $19 52. Kh1 (52. Kh2 {was the only chance.} b4 53. Qa2+ Kd6 54. Qa6+ Kc5 55. Qc8+ Kd5 56. Qg8+ Ke4 57. h4) 52... b4 53. Qa2+ Kc5 54. Qc2+ Qc3 55. Qf5+ Kc4 56. Qe4+ Kb3 57. Qb1+ $2 (57. Kh2) 57... Ka3 58. Qg6 b3 {[%cal Bb4b3,Bb3b2][%mdl 32]} 59. Qa6+ Kb2 60. Kg1 Kb1 61. Kf1 b2 62. Ke2 Kc1 {Accuracy: White = 44%, Black = 62%.} 0-1

[Event "FRA-ch Youth U16 2019"]
[Site "Hyeres"]
[Date "2019.04.17"]
[Round "5.3"]
[White "Degraeve, Remy"]
[Black "Defromont, Benjamin"]
[Result "1/2-1/2"]
[WhiteElo "2312"]
[BlackElo "2200"]
[Annotator "TA"]
[PlyCount "90"]
[EventDate "2019.04.14"]
[EventType "swiss"]
[EventCountry "FRA"]
[SourceTitle "playchess.com"]
[Source "ChessBase"]
[SourceQuality "1"]

{[%evp 10,90,8,0,14,-6,-4,-6,0,-26,8,-9,0,0,26,2,7,0,0,-1,8,0,0,-2,-14,-98,-81,-90,-84,-95,-43,-54,0,-3,0,-146,-151,-133,10,15,16,8,16,-10,-9,-7,-8,-7,0,0,0,0,0,-5,0,0,-7,-90,-8,-8,-6,-8,0,-8,-10,-10,0,-3,0,-6,-6,-12,-8,-6,-6,-8,-8,-8,-8,-8,-8,-8,-6]} 1. b3 e5 2. Bb2 Nc6 3. e3 Nf6 4. Bb5 d6 5. d4 exd4 6. exd4 a6 {A01: Nimzowitsch-Larsen Opening} 7. Be2 d5 8. Nf3 Bd6 9. O-O Ne7 10. Nbd2 O-O 11. Ne5 b6 $146 ({Predecessor:} 11... Bf5 12. g4 {0-1 (25) Bersamina,P (2359)-Vallejo Pons,F (2708) Pattaya 2015}) 12. Bd3 Bb7 13. Qe1 c5 14. f4 Nc6 {[%cal Be7c6,Bc6b4,Bb4d3][%mdl 32]} 15. dxc5 Bxc5+ 16. Kh1 Nb4 17. Rf3 (17. Qg3 $11) 17... Nxd3 18. Rxd3 Qe7 19. Qg3 Rad8 ({Better is} 19... Rfe8 $17) 20. Re1 $15 Nh5 (20... Rfe8 $15) 21. Qg4 $1 $11 {[%cal Rg4h5]} Nf6 22. Qf5 (22. Qg3 $1 $11) 22... Bc8 23. Qg5 Ne4 (23... Bf2 $17 {White must now prevent ...h6.} 24. Rf1 h6) 24. Nxe4 dxe4 25. Qxe7 Bxe7 26. Rxe4 {[#] Strongly threatening Nc6.} Bf5 27. Rxd8 Rxd8 28. Re1 {Hoping for Nc6.} Bc5 29. Nd3 Bf8 30. h3 f6 31. a4 Rd7 32. Re8 {Ba3 is the strong threat.} Kf7 33. Rb8 (33. Re3 $11 {keeps the balance.}) 33... Bc5 (33... Bxd3 $17 34. cxd3 Rxd3 35. Rxb6 Bd6) 34. Nxc5 {The position is equal.} bxc5 {[%mdl 4096] Endgame KRB-KRB} 35. Ba3 Rd2 36. g4 Be4+ 37. Kg1 Rxc2 38. Rc8 Rc3 39. Rc7+ Ke6 {Black wants to play ...Kd6.} 40. Rxg7 Rxb3 41. Bxc5 Rxh3 42. Bd4 h5 43. f5+ Kd5 44. Bxf6 hxg4 45. Rxg4 Bxf5 {Accuracy: White = 43%, Black = 43%.} 1/2-1/2

[Event "FRA-ch Youth U16 2019"]
[Site "Hyeres"]
[Date "2019.04.17"]
[Round "5.4"]
[White "Tomasi, Albert"]
[Black "Ciccoli, Theo"]
[Result "1-0"]
[WhiteElo "2283"]
[BlackElo "2177"]
[Annotator "TA"]
[PlyCount "123"]
[EventDate "2019.04.14"]
[EventType "swiss"]
[EventCountry "FRA"]
[SourceTitle "playchess.com"]
[Source "ChessBase"]
[SourceQuality "1"]

{[%evp 22,123,29,50,43,18,46,46,46,39,52,51,53,31,34,0,0,0,0,0,3,0,0,0,0,0,0,0,0,-1,-4,-39,0,0,16,16,74,83,71,48,204,185,266,239,280,280,285,271,300,251,262,236,270,260,265,245,242,185,141,0,221,210,214,193,258,260,203,192,285,273,493,488,459,475,456,463,737,736,728,724,691,678,743,725,639,603,575,425,958,161,948,941,6111,6111,29988,29989,29996,29991,29991,29984,29995,29994,29996,29997]} 1. e4 c5 2. Nf3 d6 3. d4 cxd4 4. Nxd4 Nf6 5. Nc3 g6 6. Be3 Bg7 7. f3 O-O 8. Qd2 Nc6 9. g4 Be6 10. Nxe6 fxe6 11. O-O-O Ne5 12. Be2 Qc8 {B76: Sicilian Dragon: Yugoslav Attack, 9 g4 and 9 0-0-0} 13. Rhe1 Nc4 14. Bxc4 $1 Qxc4 {White is slightly better.} 15. Bd4 Nd7 16. Bxg7 Kxg7 17. f4 $1 b5 $146 ({Predecessor:} 17... Rac8 18. Kb1 Rc5 19. Qe3 e5 20. f5 {1-0 (54) Popov,I (2648)-Thanki,H (2162) Mumbai 2016}) 18. Kb1 (18. b3 $5 {[%cal Rb3c4]} Qb4 19. e5 $11) 18... b4 $36 {[%mdl 2048] Black is pushing.} 19. Ne2 {[%cal Bc3e2,Be2g3,Bg3e4][%mdl 32]} e5 20. f5 Qxe4 21. Ng3 Qf4 ({Wrong is} 21... Qxg4 $2 22. Re4 $18) 22. Qxf4 exf4 23. Rxe7+ {[%mdl 64] [#] Double Attack} Rf7 24. Rxf7+ Kxf7 25. fxg6+ hxg6 $11 {[%mdl 4096] Endgame KRN-KRN} 26. Ne4 Ne5 27. Rxd6 Nxg4 28. h3 Re8 (28... Rh8 $11 {remains equal.}) 29. Rd4 $16 Rh8 30. Rxb4 {Ng5+ is the strong threat.} Rd8 $2 ({Better is} 30... Ne5 $14) 31. Ng5+ {[%mdl 64] [#] Discovered Attack} Kf6 (31... Kg8 {keeps fighting.} 32. a3 Rd1+ 33. Ka2 Ne3 34. Rxf4 Nxc2) 32. Rxf4+ $18 {[%mdl 64] Double Attack} Ke5 {[%cal Rd8d1]} 33. Re4+ Kf6 {[%cal Rd8d1]} 34. Kc1 Nh6 35. h4 Nf5 36. Nf3 Rd7 37. c4 Rd3 38. Ne5 Rh3 39. Nd7+ Kf7 40. Ne5+ (40. Nc5 $16) 40... Kf6 41. Nc6 a6 42. Nb4 a5 (42... Rh1+ $142 43. Kc2 a5) 43. Nd5+ Kf7 44. Kc2 Nxh4 (44... Rxh4 {was called for.} 45. Rxh4 Nxh4) 45. Re7+ Kf8 $2 (45... Kg8 46. Ra7 Nf5 47. Rxa5 Nd4+ 48. Kd1 Kf7 49. Ra7+ Kf8) 46. Rh7 Rh2+ 47. Kb3 g5 48. c5 a4+ (48... Rd2 $142 49. Rd7 Nf5) 49. Ka3 Rc2 50. Nc3 Nf5 51. c6 Ke8 52. c7 {[%cal Rc7c8]} Nd6 53. Rg7 g4 54. Nd5 Rc5 (54... g3 $142 55. Rxg3 Rc4) 55. Re7+ Kf8 56. Rd7 Nb5+ 57. Kb4 Rc2 58. Kxb5 {White mates.} g3 59. Rd8+ Kf7 60. c8=Q Rxb2+ 61. Nb4 g2 62. Qf5+ {Accuracy: White = 74%, Black = 42%.} 1-0

[Event "FRA-ch Youth U16 2019"]
[Site "Hyeres"]
[Date "2019.04.18"]
[Round "6.1"]
[White "Zachary, Matheo"]
[Black "Boulos, Carlos"]
[Result "1-0"]
[WhiteElo "2281"]
[BlackElo "2193"]
[Annotator "NA"]
[PlyCount "129"]
[EventDate "2019.04.14"]
[EventType "swiss"]
[EventCountry "FRA"]
[SourceTitle "playchess.com"]
[Source "ChessBase"]
[SourceQuality "1"]
[TimeControl "5400+30"]

1. e4 {[%emt 0:00:00]} e5 {[%emt 0:00:00]} 2. Nf3 {[%emt 0:00:00]} Nc6 {[%emt 0:00:20]} 3. Bb5 {[%emt 0:00:00]} f5 {[%emt 0:00:58]} 4. Nc3 {[%emt 0:00:10]} fxe4 {[%emt 0:00:30]} 5. Nxe4 {[%emt 0:00:07]} d5 {[%emt 0:00:52]} 6. Nxe5 {[%emt 0:00:07]} dxe4 {[%emt 0:00:12]} 7. Nxc6 {[%emt 0:00:06]} Qd5 {[%emt 0:00:37]} 8. c4 {[%emt 0:00:05]} Qd6 {[%emt 0:00:04]} 9. Nxa7+ {[%emt 0:00:12]} Bd7 {[%emt 0:00:28]} 10. Bxd7+ {[%emt 0:00:17]} Qxd7 {[%emt 0:00:06]} 11. Qh5+ {[%emt 0:00:14]} g6 {[%emt 0:00:45]} 12. Qe5+ {[%emt 0:00:07]} Kf7 {[%emt 0:00:05]} 13. Nb5 {[%emt 0:00:04]} c6 {[%emt 0:00:32]} 14. Qd4 {[%emt 0:00:04]} Qxd4 {[%emt 0:00:04]} 15. Nxd4 {[%emt 0:00:05]} Bg7 {[%emt 0:00:07]} 16. Ne2 {[%emt 0:00:28]} Ra4 {[%emt 0:00:20]} 17. b3 {[%emt 0:00:04]} Bxa1 {[%emt 0:00:34]} 18. bxa4 {[%emt 0:00:06]} Nf6 {[%emt 0:00:53]} 19. O-O {[%emt 0:07:42]} Ra8 {[%emt 0:01:59]} 20. Ba3 {[%emt 0:00:39]} Rxa4 {[%emt 0:01:02]} 21. Rxa1 {[%emt 0:01:05]} Rxa3 {[%emt 0:00:05]} 22. Nc3 {[%emt 0:00:10]} Ke6 {[%emt 0:05:06]} 23. Rb1 {[%emt 0:04:57]} Ra7 {[%emt 0:03:22]} 24. c5 {[%emt 0:03:23]} h5 {[%emt 0:12:09]} 25. Kf1 {[%emt 0:07:17]} Ke5 {[%emt 0:03:30]} 26. Rb4 {[%emt 0:00:40]} Nd5 {[%emt 0:11:31]} 27. Rxe4+ {[%emt 0:02:20]} Kf5 {[%emt 0:00:44]} 28. Ra4 {[%emt 0:01:03]} Rxa4 {[%emt 0:00:39]} 29. Nxa4 {[%emt 0:00:01]} Nb4 {[%emt 0:02:02]} 30. Nb2 {[%emt 0:04:17]} Ke4 {[%emt 0:10:42]} 31. Nc4 {[%emt 0:00:43]} Kd5 {[%emt 0:02:25]} 32. Na5 {[%emt 0:00:38]} Kxc5 {[%emt 0:07:31]} 33. Nxb7+ {[%emt 0:00:05]} Kb6 {[%emt 0:03:28]} 34. Nd8 {[%emt 0:01:28]} Nxa2 {[%emt 0:01:52]} 35. Ne6 {[%emt 0:00:13]} h4 {[%emt 0:02:22]} 36. Nf8 {[%emt 0:02:25]} g5 {[%emt 0:00:25]} 37. Nh7 {[%emt 0:00:13]} Kc5 {[%emt 0:03:34]} 38. Nxg5 {[%emt 0:00:15]} Kd5 {[%emt 0:00:23]} 39. h3 {[%emt 0:01:05]} c5 {[%emt 0:03:21]} 40. Nf3 {[%emt 0:00:11]} c4 {[%emt 0:01:05]} 41. Nxh4 {[%emt 0:00:30]} c3 {[%emt 0:00:14]} 42. dxc3 {[%emt 0:00:06]} Nxc3 {[%emt 0:00:02]} 43. Nf5 {[%emt 0:01:08]} Ke5 {[%emt 0:00:28]} 44. Ng3 {[%emt 0:00:48]} Nd5 {[%emt 0:01:38]} 45. Ke2 {[%emt 0:01:00]} Kf4 {[%emt 0:00:34]} 46. Kd3 {[%emt 0:00:28]} Nb4+ {[%emt 0:01:26]} 47. Kd2 {[%emt 0:00:02]} Nd5 {[%emt 0:00:42]} 48. Ne2+ {[%emt 0:00:17]} Kf5 {[%emt 0:00:31]} 49. f4 {[%emt 0:00:53]} Kg6 {[%emt 0:00:50]} 50. g4 {[%emt 0:00:11]} Kh6 {[%emt 0:01:07]} 51. Kd3 {[%emt 0:00:19]} Kg6 {[%emt 0:00:39]} 52. Ke4 {[%emt 0:00:08]} Nf6+ {[%emt 0:00:19]} 53. Kf3 {[%emt 0:00:02]} Nd5 {[%emt 0:01:24]} 54. Ng3 {[%emt 0:00:04]} Ne7 {[%emt 0:00:59]} 55. Ne4 {[%emt 0:00:09]} Nd5 {[%emt 0:00:14]} 56. h4 {[%emt 0:00:15]} Kh6 {[%emt 0:00:18]} 57. h5 {[%emt 0:00:07]} Ne7 {[%emt 0:01:02]} 58. Nd6 {[%emt 0:00:09]} Nd5 {[%emt 0:00:46]} 59. Nf5+ {[%emt 0:00:01]} Kh7 {[%emt 0:00:11]} 60. g5 {[%emt 0:00:10]} Kg8 {[%emt 0:02:44]} 61. Ke4 {[%emt 0:00:38]} Nc7 {[%emt 0:01:00]} 62. g6 {[%emt 0:00:31]} Ne8 {[%emt 0:00:36]} 63. Ke5 {[%emt 0:00:11]} Kh8 {[%emt 0:00:33]} 64. h6 {[%emt 0:00:15]} Nc7 {[%emt 0:01:22]} 65. g7+ {[%emt 0:00:35]} 1-0

[Event "FRA-ch Youth U16 2019"]
[Site "Hyeres"]
[Date "2019.04.18"]
[Round "6.2"]
[White "Harutyunyan, Ruben"]
[Black "Tomasi, Albert"]
[Result "1-0"]
[WhiteElo "2310"]
[BlackElo "2283"]
[Annotator "NA"]
[PlyCount "115"]
[EventDate "2019.04.14"]
[EventType "swiss"]
[EventCountry "FRA"]
[SourceTitle "playchess.com"]
[Source "ChessBase"]
[SourceQuality "1"]
[TimeControl "5400+30"]

1. e4 {[%emt 0:00:00]} c5 {[%emt 0:00:01]} 2. Nf3 {[%emt 0:00:00]} d6 {[%emt 0:00:06]} 3. d4 {[%emt 0:00:00]} cxd4 {[%emt 0:00:08]} 4. Nxd4 {[%emt 0:00:00]} Nf6 {[%emt 0:00:10]} 5. Nc3 {[%emt 0:00:00]} Nc6 {[%emt 0:00:11]} 6. Bg5 {[%emt 0:00:00]} e6 {[%emt 0:00:08]} 7. Qd2 {[%emt 0:00:00]} a6 {[%emt 0:00:18]} 8. O-O-O {[%emt 0:00:03]} Bd7 {[%emt 0:00:11]} 9. f4 {[%emt 0:00:03]} Be7 {[%emt 0:00:08]} 10. Nf3 {[%emt 0:00:03]} b5 {[%emt 0:00:09]} 11. e5 {[%emt 0:00:22]} b4 {[%emt 0:00:12]} 12. exf6 {[%emt 0:00:50]} bxc3 {[%emt 0:00:07]} 13. Qxc3 {[%emt 0:00:04]} gxf6 {[%emt 0:00:06]} 14. Bh4 {[%emt 0:07:53]} d5 {[%emt 0:00:14]} 15. Kb1 {[%emt 0:31:22]} a5 {[%emt 0:19:03]} 16. Bb5 {[%emt 0:08:51]} Rc8 {[%emt 0:01:16]} 17. Qd2 {[%emt 0:01:16]} Nb4 {[%emt 0:11:57]} 18. Bxd7+ {[%emt 0:02:31]} Qxd7 {[%emt 0:00:05]} 19. c3 {[%emt 0:01:59]} Na6 {[%emt 0:00:08]} 20. Rhe1 {[%emt 0:05:05]} Qb7 {[%emt 0:02:23]} 21. Nd4 {[%emt 0:17:05]} Nc5 {[%emt 0:04:45]} 22. Nf5 {[%emt 0:01:19]} exf5 {[%emt 0:02:24]} 23. Bxf6 {[%emt 0:11:37]} Ne4 {[%emt 0:00:19]} 24. Rxe4 {[%emt 0:00:06]} dxe4 {[%emt 0:00:24]} 25. Bxh8 {[%emt 0:00:12]} f6 {[%emt 0:00:09]} 26. Qe2 {[%emt 0:01:29]} Kf7 {[%emt 0:14:40]} 27. Qh5+ {[%emt 0:00:06]} Kg8 {[%emt 0:00:05]} 28. Qxf5 {[%emt 0:00:04]} Kxh8 {[%emt 0:10:13]} 29. Rd7 {[%emt 0:00:04]} Rc7 {[%emt 0:00:05]} 30. Rxc7 {[%emt 0:00:07]} Qxc7 {[%emt 0:00:05]} 31. Qxe4 {[%emt 0:00:03]} Qd7 {[%emt 0:01:07]} 32. Kc2 {[%emt 0:01:11]} Kg7 {[%emt 0:01:09]} 33. g3 {[%emt 0:03:52]} Bc5 {[%emt 0:01:24]} 34. b3 {[%emt 0:02:10]} Qh3 {[%emt 0:03:44]} 35. Qe2 {[%emt 0:01:09]} Kh6 {[%emt 0:05:00]} 36. Kd3 {[%emt 0:01:25]} Qd7+ {[%emt 0:01:12]} 37. Kc2 {[%emt 0:01:43]} Qf5+ {[%emt 0:02:42]} 38. Kc1 {[%emt 0:00:08]} Ba3+ {[%emt 0:01:19]} 39. Kd2 {[%emt 0:00:09]} Qb1 {[%emt 0:02:08]} 40. Ke3 {[%emt 0:00:18]} Bc5+ {[%emt 0:01:56]} 41. Kf3 {[%emt 0:00:57]} Qh1+ {[%emt 0:05:59]} 42. Kg4 {[%emt 0:01:17]} f5+ {[%emt 0:07:24]} 43. Kxf5 {[%emt 0:01:14]} Qd5+ {[%emt 0:02:03]} 44. Qe5 {[%emt 0:00:13]} Qf7+ {[%emt 0:01:20]} 45. Qf6+ {[%emt 0:00:51]} Qxf6+ {[%emt 0:00:07]} 46. Kxf6 {[%emt 0:00:03]} Bg1 {[%emt 0:00:04]} 47. f5 {[%emt 0:00:53]} Bxh2 {[%emt 0:00:06]} 48. g4 {[%emt 0:01:02]} Bf4 {[%emt 0:01:06]} 49. b4 {[%emt 0:00:25]} Bd2 {[%emt 0:02:03]} 50. b5 {[%emt 0:02:04]} Bxc3+ {[%emt 0:00:14]} 51. Ke6 {[%emt 0:00:28]} Kg7 {[%emt 0:02:15]} 52. b6 {[%emt 0:00:06]} Bd4 {[%emt 0:00:05]} 53. b7 {[%emt 0:00:10]} Ba7 {[%emt 0:00:05]} 54. Ke7 {[%emt 0:00:09]} Bc5+ {[%emt 0:00:43]} 55. Ke8 {[%emt 0:00:03]} Bd6 {[%emt 0:00:44]} 56. g5 {[%emt 0:00:02]} h5 {[%emt 0:01:11]} 57. f6+ {[%emt 0:00:27]} Kg6 {[%emt 0:00:08]} 58. f7 {[%emt 0:00:03]} 1-0

[Event "FRA-ch Youth U16 2019"]
[Site "Hyeres"]
[Date "2019.04.18"]
[Round "6.3"]
[White "Christien, Vincent"]
[Black "Degraeve, Remy"]
[Result "0-1"]
[WhiteElo "2183"]
[BlackElo "2312"]
[Annotator "NA"]
[PlyCount "56"]
[EventDate "2019.04.14"]
[EventType "swiss"]
[EventCountry "FRA"]
[SourceTitle "playchess.com"]
[Source "ChessBase"]
[SourceQuality "1"]
[TimeControl "5400+30"]

1. e4 {[%emt 0:00:00]} c5 {[%emt 0:00:42]} 2. Nf3 {[%emt 0:00:00]} g6 {[%emt 0:00:10]} 3. d4 {[%emt 0:00:37]} cxd4 {[%emt 0:00:05]} 4. Nxd4 {[%emt 0:01:05]} Nc6 {[%emt 0:00:03]} 5. c4 {[%emt 0:00:31]} Nf6 {[%emt 0:00:05]} 6. Nc3 {[%emt 0:00:46]} d6 {[%emt 0:00:04]} 7. Nc2 {[%emt 0:00:47]} Bg7 {[%emt 0:00:04]} 8. Be2 {[%emt 0:00:36]} O-O {[%emt 0:00:04]} 9. O-O {[%emt 0:00:49]} Be6 {[%emt 0:00:02]} 10. Bd2 {[%emt 0:07:56]} a6 {[%emt 0:10:17]} 11. Ne3 {[%emt 0:07:18]} Nd4 {[%emt 0:03:10]} 12. Ned5 {[%emt 0:05:39]} Nxd5 {[%emt 0:07:10]} 13. cxd5 {[%emt 0:10:17]} Nxe2+ {[%emt 0:02:50]} 14. Nxe2 {[%emt 0:09:55]} Bd7 {[%emt 0:01:37]} 15. Bc3 {[%emt 0:00:47]} Bxc3 {[%emt 0:00:07]} 16. Nxc3 {[%emt 0:01:03]} Rc8 {[%emt 0:01:09]} 17. Qb3 {[%emt 0:05:37]} b5 {[%emt 0:03:02]} 18. Rfc1 {[%emt 0:05:37]} Rc4 {[%emt 0:02:35]} 19. a4 {[%emt 0:05:09]} Qb6 {[%emt 0:03:29]} 20. axb5 {[%emt 0:03:49]} axb5 {[%emt 0:00:11]} 21. Ra4 {[%emt 0:04:00]} Rfc8 {[%emt 0:04:02]} 22. Rxc4 {[%emt 0:05:49]} Rxc4 {[%emt 0:00:01]} 23. Re1 {[%emt 0:08:49]} Qc5 {[%emt 0:02:04]} 24. h3 {[%emt 0:03:07]} b4 {[%emt 0:10:15]} 25. Nd1 {[%emt 0:00:03]} Rc1 {[%emt 0:00:46]} 26. Re2 {[%emt 0:03:51]} Qd4 {[%emt 0:00:46]} 27. Re1 {[%emt 0:00:18]} Qd2 {[%emt 0:00:17]} 28. Qe3 {[%emt 0:03:12]} Qxe3 {[%emt 0:00:05]} 0-1

[Event "FRA-ch Youth U16 2019"]
[Site "Hyeres"]
[Date "2019.04.18"]
[Round "6.4"]
[White "Dalaud, Dorian"]
[Black "Maache, Jawad"]
[Result "1-0"]
[WhiteElo "2167"]
[BlackElo "2261"]
[Annotator "NA"]
[PlyCount "57"]
[EventDate "2019.04.14"]
[EventType "swiss"]
[EventCountry "FRA"]
[SourceTitle "playchess.com"]
[Source "ChessBase"]
[SourceQuality "1"]
[TimeControl "5400+30"]

1. e4 {[%emt 0:02:22]} d5 {[%emt 0:00:00]} 2. exd5 {[%emt 0:00:37]} Qxd5 {[%emt 0:00:00]} 3. Nc3 {[%emt 0:00:28]} Qa5 {[%emt 0:00:00]} 4. d4 {[%emt 0:00:28]} Nf6 {[%emt 0:00:05]} 5. Bc4 {[%emt 0:00:28]} Bg4 {[%emt 0:00:14]} 6. Nge2 {[%emt 0:00:10]} e6 {[%emt 0:04:17]} 7. O-O {[%emt 0:07:59]} Nbd7 {[%emt 0:04:34]} 8. h3 {[%emt 0:01:57]} Bf5 {[%emt 0:01:13]} 9. Ng3 {[%emt 0:03:09]} Bg6 {[%emt 0:02:02]} 10. d5 {[%emt 0:10:57]} e5 {[%emt 0:00:51]} 11. a3 {[%emt 0:03:23]} h5 {[%emt 0:23:36]} 12. Bd2 {[%emt 0:22:47]} c6 {[%emt 0:07:54]} 13. dxc6 {[%emt 0:14:50]} bxc6 {[%emt 0:00:12]} 14. Nd5 {[%emt 0:02:44]} Qd8 {[%emt 0:00:44]} 15. Nxf6+ {[%emt 0:00:20]} Qxf6 {[%emt 0:00:51]} 16. f4 {[%emt 0:01:15]} Qd6 {[%emt 0:26:45]} 17. Qe2 {[%emt 0:03:54]} h4 {[%emt 0:01:19]} 18. f5 {[%emt 0:00:13]} Bh7 {[%emt 0:00:59]} 19. Ne4 {[%emt 0:01:28]} Qd4+ {[%emt 0:05:48]} 20. Kh1 {[%emt 0:00:51]} Be7 {[%emt 0:00:59]} 21. Bc3 {[%emt 0:02:24]} Qb6 {[%emt 0:00:14]} 22. Qh5 {[%emt 0:03:28]} O-O {[%emt 0:00:45]} 23. Ng5 {[%emt 0:09:17]} Bxg5 {[%emt 0:02:20]} 24. Qxg5 {[%emt 0:00:01]} Qd8 {[%emt 0:02:37]} 25. f6 {[%emt 0:01:24]} Nxf6 {[%emt 0:00:42]} 26. Bxe5 {[%emt 0:01:52]} Ne8 {[%emt 0:00:06]} 27. Qh5 {[%emt 0:00:35]} Nf6 {[%emt 0:06:19]} 28. Bxf6 {[%emt 0:01:29]} gxf6 {[%emt 0:00:07]} 29. Rf4 {[%emt 0:01:09]} 1-0